Sanskrit in medieval India : retrieving lost traditions (Record no. 1227028)

MARC details
000 -LEADER
fixed length control field 00716nam a2200217Ia 4500
005 - DATE AND TIME OF LATEST TRANSACTION
control field 20241129110024.0
008 - FIXED-LENGTH DATA ELEMENTS--GENERAL INFORMATION
fixed length control field 241129s9999||||xx |||||||||||||| ||und||
020 ## - INTERNATIONAL STANDARD BOOK NUMBER
International Standard Book Number 978-81-8315-500-7
037 ## - SOURCE OF ACQUISITION
Stock number TB
040 ## - CATALOGING SOURCE
Original cataloging agency ARTS
Language of cataloging eng
Transcribing agency ARTS
041 ## - LANGUAGE CODE
Language code of text/sound track or separate title eng
Source of code san
084 ## - COLON CLASSIFICATION NUMBER
Classification number P15.2'J 111R2
Assigning agency ARTS
100 ## - MAIN ENTRY--PERSONAL NAME
Personal name Kuniyil Pushpadasan Ed.; Rathika A. M. Ed.
9 (RLIN) 726918
245 #0 - TITLE STATEMENT
Title Sanskrit in medieval India : retrieving lost traditions
Statement of responsibility, etc. Kuniyil Pushpadasan Ed.; Rathika A. M. Ed.
260 ## - PUBLICATION, DISTRIBUTION, ETC.
Place of publication, distribution, etc. New Delhi, India
Name of publisher, distributor, etc. New New Bharatiya Book Corporation
Date of publication, distribution, etc. 2023
300 ## - PHYSICAL DESCRIPTION
Extent xvii,407p.
365 ## - TRADE PRICE
Price type code INR
Price amount 1200
650 ## - SUBJECT ADDED ENTRY--TOPICAL TERM
Topical term or geographic name entry element Sanskrit Language
9 (RLIN) 1031
942 ## - ADDED ENTRY ELEMENTS (KOHA)
Koha item type Textbook
Classification part P15.2'J 111R2
Holdings
Withdrawn status Lost status Damaged status Not for loan Home library Current library Date acquired Source of acquisition Cost, normal purchase price Inventory number Total Checkouts Full call number Barcode Date last seen Price effective from Koha item type
        Arts Library Arts Library 2024-11-29 Oriental Book Company 1200.00 17 & 13/12/2023   P15.2'J 111R2 AL1803061 2024-11-29 2024-11-29 Textbook
Copyright @ Delhi University Library System